000 00311nam a22001457a 4500
008 210527b ||||| |||| 00| 0 eng d
020 _a9780691141466
041 _aeng
080 _a94
082 _a94
100 _a16
101 _aSHH
245 _aSecuring the Peace
_cMonica D. Toft
942 _2udc
_cBK
999 _c57740
_d57740